000 00496nam a2200181Ia 4500
003 LK-CoDNM
008 010623t2003 xxu||||| |||| 00| 1 sin d
040 _aLK-CoDNM
_dLK-CoDNM
_eLK-CoDNM
041 _asin
080 _a801.5 (Pali) SUM
100 _aRev.Sumanasara, M.
245 _aපාළි ව්‍යාකරණ විවරණය
246 _aPali vyakarana viwaranaya
260 _bS.Godage
_aColombo
_c2003
300 _b78, 21.5 cm
650 _aPali Language
942 _cBK
999 _c122959
_d122959